Csuprosok és üstfoltozók Ung megyei árucsere és vásárok a századfordulón

Bibliographic Details
Main Author: Bodnár, Lajos, 1922-2000 (Author)
Other Authors: Varga, Lajos, 1942- (nob), Liszka, József, 1956- (auv)
Format: Book
Language:Hungarian
PhysicalDescription:67 s. 19 cm
Published: Bratislava Madách 1993
ISBN:8070892102
Edition:1. kiad.
Subjects:

MARC

LEADER 00000nam a2200000 a 4500
001 vtls001076350
003 SK-MaSNL
005 20260301111103.0
008 250414s1993 xo 0 hun
015 |a SNBA1994/09 
020 |a 8070892102 
035 |a SNK000019183 
040 |a SNK  |b slo  |c SNK  |e AACR2 
041 0 |a hun 
044 |a xo  |c SK 
080 |a 394.6(437.6-12)(091)=945.11  |2 1981 
100 1 |a Bodnár, Lajos,  |d 1922-2000  |4 aut  |9 48877 
245 1 0 |a Csuprosok és üstfoltozók  |b Ung megyei árucsere és vásárok a századfordulón  |c Lajos Bodnár ; Graf. elrendezés Lajos Varga ; A borítólapot tervezte Lajos Varga ; Bevezetés József Liszka 
250 |a 1. kiad. 
260 |a Bratislava  |b Madách  |c 1993  |e Bratislava  |f Madách 
300 |a 67 s.  |c 19 cm 
366 |e 35 Sk 
500 |a Súbež. tir. slov. 
655 7 |a odborné publikácie  |2 SNK  |9 60423 
700 1 |a Varga, Lajos,  |d 1942-  |4 bkd  |9 6879 
700 1 |a Varga, Lajos,  |d 1942-  |4 nob  |9 6879 
700 1 |a Liszka, József,  |d 1956-  |4 auv  |9 58583 
852 |a Slovenská národná knižnica 
919 |a 80-7089-210-2 
954 |a jarmoky  |a Slovensko juhovýchodné 
958 |a TL 
958 |a HU 
958 |a OND 
999 |c 705452  |d 707382 
952 |t P60, <04>, [BOOK], {604}  |a SNK  |b SNK  |y VYP  |7 0  |p 17A0346137  |o snkSD 66599 D1  |i snkKSP 8737/94  |0 0  |1 0  |4 0  |d 2002-06-18  |l 0  |r 2004-12-31 00:00:00  |w 2026-02-23 
952 |a SNK  |b SNK  |y PREZ  |7 0  |p 17A1051737  |o snkSD 66599   |0 0  |1 0  |4 0  |d 2013-07-17  |l 0  |r 2026-02-23 21:14:01  |w 2026-02-23